|
|
|
|
| LEADER |
00000cam a2200000 a 4500 |
| 001 |
vtls008329344 |
| 003 |
SK-MaSNL |
| 005 |
20260301093306.0 |
| 008 |
240313s1971 xo oa e f 000 0 slo |
| 015 |
|
|
|a SNBA1971/09-02110
|
| 035 |
|
|
|a SK01SNK19710021561
|
| 035 |
|
|
|a SKM000024024
|
| 040 |
|
|
|a SNK
|b slo
|c SNK
|e AACR2
|
| 041 |
0 |
|
|a slo
|b ger
|
| 043 |
|
|
|a e-xo---
|
| 044 |
|
|
|a xo
|c SK
|
| 072 |
|
7 |
|a 902
|x Archeológia
|2 konspekt
|
| 080 |
|
|
|a 902.2
|2 2011
|
| 080 |
|
|
|a (035)
|2 2011
|
| 080 |
|
|
|a (437.671)
|2 2011
|
| 100 |
1 |
|
|a Polla, Belo,
|d 1917-2000
|4 aut
|9 6210
|
| 245 |
1 |
0 |
|a Kežmarok
|b (výsledky historickoarcheologického výskumu)
|c Belo Polla
|
| 246 |
3 |
1 |
|a Kežmarok
|b (Ergebnisse der historisch-archäologischen Erforschung)
|
| 250 |
|
|
|a 1. vyd.
|
| 260 |
|
|
|a Bratislava
|b Vydavateľstvo Slovenskej akadémie vied
|c 1971
|
| 300 |
|
|
|a 251 s.
|b fotogr., ilustr, tab.
|c 30 cm
|e 2 príl.
|
| 366 |
|
|
|e 800 výt.
|
| 490 |
1 |
|
|a Archeologica Slovaca. Fontes
|v Tom. 10
|
| 500 |
|
|
|a Viazaná
|
| 504 |
|
|
|a Bibliogr. odkazy ; pozn.
|
| 546 |
|
|
|a Súbež. náz. v nem. ; nem. res.
|
| 648 |
|
7 |
|a 1964-1967
|2 SNKPH
|9 424546
|
| 650 |
0 |
7 |
|a archeologické výskumy
|2 SNKPH
|9 74796
|
| 650 |
0 |
7 |
|a Excavations (archaeology)
|2 SNKPHeng
|9 266742
|
| 651 |
|
7 |
|a Kežmarok (Slovensko)
|2 SNKPHgeo
|9 26808
|
| 651 |
|
7 |
|a Kežmarok (Slovakia)
|2 SNKNB
|2 SNKPHeng
|9 324121
|
| 655 |
|
7 |
|a príručky
|2 SNKPH
|9 74364
|
| 655 |
|
7 |
|a Handbooks, manuals, etc.
|2 SNKPHeng
|9 90964
|
| 830 |
|
0 |
|a Archeologica Slovaca
|p Fontes
|9 425441
|
| 852 |
|
|
|a Štátna vedecká knižnica v Banskej Bystrici
|
| 958 |
|
|
|a OND
|
| 958 |
|
|
|a TL
|
| 958 |
|
|
|a RK
|
| 958 |
|
|
|a NB
|
| 999 |
|
|
|c 676563
|d 678493
|
| 952 |
|
|
|t P60, <04>, [BOOK], {604}
|a SNK
|b SNK
|y VYP
|7 0
|p 17A0051131
|o snkSB 17382 D1
|i snkKSP 6684/71
|8 0
|0 0
|1 0
|4 0
|d 1997-03-06
|l 0
|r 2005-01-02 00:00:00
|w 2026-02-23
|
| 952 |
|
|
|a SNK
|b SNK
|y PREZ
|7 0
|p 17A0890938
|o snkSB 17382
|i snkKSP 6683/71
|0 0
|1 0
|4 0
|d 2012-07-24
|l 0
|r 2025-03-18 00:00:00
|w 2026-02-23
|